| 000 | 00491nam a22001817a 4500 | ||
|---|---|---|---|
| 005 | 20260603123245.0 | ||
| 008 | 260603b |||||||| |||| 00| 0 eng d | ||
| 020 |
_a9783540854173 _c5290.00 |
||
| 040 | _aMAIN | ||
| 041 | _aEnglish | ||
| 082 |
_a536.7 _bHEL |
||
| 100 |
_aHelrich, Carl S. _926995 |
||
| 245 | _aModern Thermodynamics with Statistical Mechanics | ||
| 260 |
_aUnited State of America _bSpringer _c2009 |
||
| 300 | _a402 | ||
| 650 |
_aPhysics (PM USHA _926699 |
||
| 942 | _cBK | ||
| 999 |
_c60970 _d60970 |
||